MARC details
| 000 -LEADER |
| campo de control de longitud fija |
01396nac a2200313 a 4500 |
| 003 - IDENTIFICADOR DE NÚMERO DE CONTROL |
| campo de control |
CO-PeBPM |
| 005 - FECHA Y HORA DE LA ÚLTIMA TRANSACCIÓN |
| campo de control |
20250512220016.0 |
| 007 - CAMPO FIJO DE DESCRIPCIÓN FÍSICA--INFORMACIÓN GENERAL |
| campo de control de longitud fija |
ta |
| 008 - DATOS DE LONGITUD FIJA--INFORMACIÓN GENERAL |
| campo de control de longitud fija |
250512s1984 ck a|||| |||| 00| 0 spa d |
| 020 ## - NÚMERO INTERNACIONAL ESTÁNDAR DEL LIBRO |
| Número Internacional Estándar del Libro |
ISBN: 9789681605353 |
| 040 ## - FUENTE DE CATALOGACIÓN |
| Centro catalogador/agencia de origen |
CO-PeBPM |
| Lengua de catalogación |
spa |
| Centro/agencia transcriptor |
CO-PeBPM |
| Normas de descripción |
rda |
| 041 ## - CÓDIGO DE IDIOMA |
| Código de lengua del texto/banda sonora o título independiente |
spa |
| 082 04 - NÚMERO DE LA CLASIFICACIÓN DECIMAL DEWEY |
| Número de clasificación |
970.472 T473g |
| Número de edición |
22 |
| 245 10 - MENCIÓN DEL TÍTULO |
| Título |
Grandeza y decadencia de los mayas |
| Mención de responsabilidad, etc. |
/ John Eric Sidney Thompson ; traducción de Lauro J. Zavala |
| 250 ## - MENCION DE EDICION |
| Mención de edición |
Duodécima reimpresión |
| 260 ## - PUBLICACIÓN, DISTRIBUCIÓN, ETC. |
| Lugar de publicación, distribución, etc. |
México |
| Nombre del editor, distribuidor, etc. |
: Fondo de Cultura Económica |
| Fecha de publicación, distribución, etc. |
, 2012 |
| 300 ## - DESCRIPCIÓN FÍSICA |
| Extensión |
399 páginas |
| Otras características físicas |
ilustraciones, figuras en blanco y negro |
| Dimensiones |
23 centímetros |
| 490 ## - MENCIÓN DE SERIE |
| Mención de serie |
Sección de Obras de Antropología |
| 500 ## - NOTA GENERAL |
| Nota general |
Incluye índice al final del texto |
| 500 ## - NOTA GENERAL |
| Nota general |
Incluye notas al pie del texto |
| 504 ## - NOTA DE BIBLIOGRAFÍA, ETC. |
| Nota de bibliografía, etc. |
Incluye bibliografía (p.369-385) |
| 520 ## - RESUMEN, ETC. |
| Sumario, etc. |
Después de Sylvanus G. Morley -el casi legendario historiador-, Thompson es una de las autoridades principales en el campo atrayente de la historia de la civilización maya. La estudió directamente durante 20 años a partir de enero de 1926 y como fruto de su larga dedicación nos presenta este invaluable estudio. |
| 650 14 - PUNTO DE ACCESO ADICIONAL DE MATERIA--TÉRMINO DE MATERIA |
| Término de materia o nombre geográfico como elemento de entrada |
Mayas |
| Fuente del encabezamiento o término |
LEMB |
| 650 14 - PUNTO DE ACCESO ADICIONAL DE MATERIA--TÉRMINO DE MATERIA |
| Término de materia o nombre geográfico como elemento de entrada |
Antropología |
| Fuente del encabezamiento o término |
LEMB |
| 650 14 - PUNTO DE ACCESO ADICIONAL DE MATERIA--TÉRMINO DE MATERIA |
| Término de materia o nombre geográfico como elemento de entrada |
Culturas indígenas - Historia |
| Fuente del encabezamiento o término |
LEMB |
| 700 14 - ENTRADA AGREGADA--NOMBRE PERSONAL |
| Nombre de persona |
Zavala, Lauro José |
| Término indicativo de función/relación |
traducción |
| 765 ## - ENLACE A LA LENGUA/LENGUAJE ORIGINAL |
| Encabezamiento principal |
The Rise and Fall of Maya Civilization |
| 942 ## - ELEMENTOS DE ENTRADA SECUNDARIOS (KOHA) |
| Fuente del sistema de clasificación o colocación |
Clasificación Decimal Dewey |
| Tipo de ítem Koha |
Libros |
| Suprimir en OPAC |
No |